Rosa Juventus 24/25 - Statistics

Statistiche generali
  • Questo quiz è stato fatto 264 volte
  • Il punteggio medio è 20 su 27
Statistiche sulle risposte
Hint Risposta % Corretto
Italy Di Gregorio
95%
Serbia Vlahovic
93%
Brazil Bremer
92%
Italy Perin
91%
Turkey Yildiz
91%
Italy Gatti
89%
Usa McKennie
88%
Italy Pinsoglio
87%
Brazil Danilo
86%
CT: Italy Motta
81%
Italy Locatelli
79%
Poland Milik
79%
Usa Weah
78%
Italy Cambiaso
77%
France Thuram
76%
Netherlands Koopmeiners
71%
France Kalulu
68%
Brazil Douglas Luiz
67%
Colombia Cabal
66%
Belgium Mbangula
66%
Italy Savona
66%
Portugal Conceicao
65%
Montenegro Adzic
60%
Italy Fagioli
54%
Argentina Gonzalez
52%
Sweden Rouhi
52%
Brazil Arthur
22%
Nessun quiz corrispondente trovato
Distribuzione punteggi
Percentuale di utenti per punteggio
Percentile per numero di risposta
I tuoi punteggi nel tempo
Non hai fatto questo quiz